| 000 | 00725nam a2200205Ii 4500 | ||
|---|---|---|---|
| 001 | 2088 | ||
| 003 | CO-ViMGA | ||
| 008 | 241108s9999||||xx |||||||||||||| ||und|| | ||
| 040 |
_aCO-ViMGA _bspa _erda _cCO-ViMGA |
||
| 041 | 0 | _aspa | |
| 082 | 0 | 4 | _a398.88615 M87rlp |
| 110 | 1 |
_aMuseo de Artes y Tradiciones Populares. Bogotá _953176 |
|
| 245 | 1 | 0 | _aRondas, cantos y juegos tradicionales de los niños del Litoral Pacífico [videocasete] |
| 264 | 1 | _a[Lugar de publicación no identificado] : Museo de Artes y Tradiciones Populares, 1990 | |
| 300 | _avolumen | ||
| 336 |
_atext _btxt _2rdacontent |
||
| 337 |
_aunmediated _bn _2rdamedia |
||
| 338 |
_avolume _bnc _2rdacarrier |
||
| 940 | _aidficha_siabuc: 2043. -- ficha_no_siabuc:2088 | ||
| 999 |
_c49416 _d49416 |
||